00337nam a22000977a 4500008004100000082001700041110000800058245013600066260002700202300001000229230609b xxu||||| |||| 00| 0 eng d a354.676bGOK bGOK a2017/2018 Estimates Development Expenditure of the GOK for the year ending 30th June,2018bVolume 3cVotes D1133-D2151hApril 2017 aKenyabGOKcApril 2017 a2192p